000 02615cam a2200565 a 4500
001 79111
005 20230410105427.0
008 061030s2007 ctua b 001 0 eng
010 _a 2006036191
035 _a(OCoLC)ocm74916085
040 _aDLC
_cDLC
_dBAKER
_dBTCTA
_dUKM
_dC#P
_dYDXCP
_dIXA
_dVP@
_dNOR
_dMUQ
_dOCLCG
_dNLGGC
_dTSU
_dCQU
_dLMR
015 _aGBA715985
_2bnb
015 _aGBA978730
_2bnb
016 7 _a013683144
_2Uk
016 7 _a015346514
_2Uk
020 _a0300109415 (cloth : alk. paper)
020 _a9780300109412 (cloth : alk. paper)
020 _a9780300158328 (pbk.)
020 _a0300158327 (pbk.)
029 1 _aYDXCP
_b2497299
029 1 _aAU@
_b000041019597
029 1 _aNZ1
_b11087115
029 1 _aNLGGC
_b304324655
035 _a(OCoLC)74916085
050 1 4 _aHB501
_b.B372 2007
082 0 0 _a330.12/2
_222
084 _a83.21
_2bcl
100 1 _aBaumol, William J.,
_d1922-
245 1 0 _aGood capitalism, bad capitalism, and the economics of growth and prosperity /
_cWilliam J. Baumol, Robert E. Litan, Carl J. Schramm.
260 _aNew Haven :
_bYale University Press,
_cc2007.
300 _ax, 321 p. :
_bill. ;
_c25 cm.
504 _aIncludes bibliographical references (p. 299-312) and index.
505 0 0 _tPreface --
_g1.
_tEntrepreneurship and growth : a missing piece of the puzzle --
_g2.
_tWhy economic growth matters --
_g3.
_tWhat drives economic growth? --
_g4.
_tCapitalism : the different types and their impacts on growth --
_g5.
_tGrowth at the cutting edge --
_g6.
_tUnleashing entrepreneurship in less developed economies --
_g7. The
_tbig-firm wealthy economies : preventing retreat or stagnation --
_g8. The
_tcare and maintenance of entrepreneurial capitalism --
_tAppendix : Data collection and measurement issues --
_tNotes --
_tBibliography --
_tIndex.
650 0 _aCapitalism.
650 0 _aEntrepreneurship.
650 6 _aCapitalisme.
650 6 _aEntrepreneuriat.
650 1 7 _aKapitalisme.
_2gtt
650 1 7 _aOndernemerschap
_2gtt
700 1 _aLitan, Robert E.,
_d1950-
700 1 _aSchramm, Carl J.
856 4 2 _3Contributor biographical information
_uhttp://www.loc.gov/catdir/enhancements/fy0743/2006036191-b.html
856 4 2 _3Publisher description
_uhttp://www.loc.gov/catdir/enhancements/fy0743/2006036191-d.html
856 4 1 _3Table of contents
_uhttp://www.loc.gov/catdir/toc/fy0716/2006036191.html
938 _aBaker & Taylor
_bBKTY
_c30.00
_d22.50
_i0300109415
_n0006769835
_sactive
938 _aYBP Library Services
_bYANK
_n2497299
938 _aBaker and Taylor
_bBTCP
_nBK0006769835
942 _2lcc
_cbk
994 _aC0
_bDRFGD
999 _c36493
_d36493